[Event "Prague Golden Rapid op 19th"]
[White "Burdalev, Kirill"]
[Black "Nguyen, Nhat Minh Thu"]
[Site "Prague"]
[Round "1"]
[Result "1-0"]
[Date "2024.06.23"]
[WhiteElo "2282"]
[BlackElo "1691"]
[PlyCount "79"]
[EventDate "2024.06.23"]
[EventType "swiss (rapid)"]
[EventRounds "7"]
[EventCountry "CZE"]
[SourceTitle "EXT 2025"]
[Source "ChessBase"]
[SourceDate "2024.10.14"]
[SourceVersion "1"]
[SourceVersionDate "2024.10.14"]
[SourceQuality "1"]

1. d4 d5 2. c4 e6 3. Nf3 Nf6 4. Nc3 dxc4 5. e4 a6 6. Bxc4 b5 7. Bd3 Bb7 8. Qe2 Be7 9. 0-0 0-0 10. e5 Nd5 11. Ne4 Nd7 12. Neg5 g6 13. h4 c5 14. dxc5 Nxc5 15. Bb1 Nc7 16. Rd1 Bxf3 17. Nxf3 Qc8 18. Bh6 Rd8 19. Bc2 Qb7 20. h5 Bf8 21. Bg5 Re8 22. Rd4 a5 23. Rad1 Nd5 24. Rh4 Be7 25. hxg6 fxg6 26. Rdd4 Rad8 27. Qd2 Bxg5 28. Nxg5 Rd7 29. a3 Ree7 30. b4 axb4 31. axb4 Na6 32. Bb3 Naxb4 33. Rxb4 Nxb4 34. Qxb4 Qb6 35. Ne4 Ra7 36. Nf6+ Kf8 37. Rxh7 Ra1+ 38. Kh2 Qc7 39. Rh8+ Kf7 40. Qf4 1-0

[Event "CZE-ch U14 Girls"]
[White "Mojzisova, Barbora"]
[Black "Nguyen, Nhat Minh Thu"]
[Site "Kouty nad Desnou"]
[Round "5"]
[Result "1/2-1/2"]
[Date "2024.03.12"]
[WhiteElo "1623"]
[BlackElo "1563"]
[PlyCount "82"]
[EventDate "2024.03.09"]
[EventType "swiss"]
[EventRounds "9"]
[EventCountry "CZE"]
[SourceTitle "CBM 219 Extra"]
[Source "ChessBase"]
[SourceDate "2024.05.31"]
[SourceVersion "1"]
[SourceVersionDate "2024.05.31"]
[SourceQuality "1"]

1. e4 c5 2. Nf3 d6 3. d4 cxd4 4. Nxd4 Nf6 5. Nc3 a6 6. Be2 e5 7. Nb3 Be7 8. Be3 Be6 9. Nd5 Nbd7 10. f3 Bxd5 11. exd5 b5 12. Qd2 Nb6 13. Bxb6 Qxb6 14. Bd3 0-0 15. Qf2 Qxf2+ 16. Kxf2 Rac8 17. c3 Nxd5 18. Be4 Nc7 19. Bb7 Rb8 20. Na5 d5 21. b4 f5 22. Rad1 d4 23. Nc6 Bh4+ 24. g3 Bxg3+ 25. hxg3 Rxb7 26. cxd4 exd4 27. Rxd4 Ne6 28. Rd6 Re8 29. Re1 Nc7 30. Rxe8+ Nxe8 31. Re6 Nf6 32. Nd4 Rd7 33. Nxf5 Rd2+ 34. Re2 Rxe2+ 35. Kxe2 Nd5 36. a3 Nc3+ 37. Kd3 Nb1 38. Ne7+ Kf7 39. Nd5 Nxa3 40. Nc7 Ke7 41. Nxa6 Kd6 1/2-1/2

[Event "CZE-ch U14 Girls"]
[White "Hladka, Leontyna"]
[Black "Nguyen, Nhat Minh Thu"]
[Site "Kouty nad Desnou"]
[Round "3"]
[Result "0-1"]
[Date "2024.03.11"]
[WhiteElo "1683"]
[BlackElo "1563"]
[PlyCount "56"]
[EventDate "2024.03.09"]
[EventType "swiss"]
[EventRounds "9"]
[EventCountry "CZE"]
[SourceTitle "CBM 219 Extra"]
[Source "ChessBase"]
[SourceDate "2024.05.31"]
[SourceVersion "1"]
[SourceVersionDate "2024.05.31"]
[SourceQuality "1"]

1. e4 c5 2. Nf3 d6 3. d4 cxd4 4. Nxd4 Nf6 5. Nc3 a6 6. f3 e6 7. Be3 Be7 8. Qd2 Nc6 9. Nxc6 bxc6 10. 0-0-0 d5 11. Qf2 Bb4 12. Nb1 Qc7 13. a3 Bd6 14. Qh4 Be7 15. Qg5 Kf8 16. Bd4 h6 17. Qe3 Nd7 18. Qf2 Bg5+ 19. Be3 Be7 20. Nd2 c5 21. exd5 exd5 22. g3 Bf6 23. Bf4 Qb6 24. b4 g5 25. Be3 d4 26. bxc5 Qxc5 27. Nb3 Qxa3+ 28. Kb1 dxe3 0-1